header

Studies in Chinese language (Record no. 40533)

MARC details
000 -LEADER
fixed length control field 01633nam a2200385 a 4500
082 04 - DEWEY DECIMAL CLASSIFICATION NUMBER
Classification number 495.1
100 1# - MAIN ENTRY--AUTHOR NAME
Personal name Halliday, M. A. K.
245 10 - TITLE STATEMENT
Title Studies in Chinese language
260 ## - PUBLICATION, DISTRIBUTION, ETC. (IMPRINT)
Place of publication London ;
-- New York :
Name of publisher Continuum,
Year of publication 2006, c2005.
300 ## - PHYSICAL DESCRIPTION
Number of Pages x, 384 p. :
Other physical details ill.
490 1# - SERIES STATEMENT
Series statement The collected works of M.A.K. Halliday ;
505 0# - FORMATTED CONTENTS NOTE
Formatted contents note pt. 1. Medieval Chinese grammar -- pt. 2. Modern Chinese grammar -- pt. 3. Chinese phonology -- pt. 4. Grammar and discourse.
650 #0 - SUBJECT ADDED ENTRY--TOPICAL TERM
Topical Term Chinese language.
700 1# - ADDED ENTRY--PERSONAL NAME
Personal name Webster, Jonathan,
856 40 - ELECTRONIC LOCATION AND ACCESS
Uniform Resource Identifier http://site.ebrary.com/lib/rucke/Doc?id=10224736

No items available.

© 2026 Rongo University
Contact us: librarian | system librarian | Rongo university